Tārīkh al-amthāl wa-al-azjāl fī al-Andalus wa-al-Maghrib : buḥūth wa-nuṣūṣ /
Saved in:
| Main Author: | |
|---|---|
| Format: | Book |
| Language: | Arabic |
| Published: |
[Rabat] :
Manshūrāt Wizārat al-Thaqāfah,
2006-
|
| Series: | Silsilat Mʻālim.
|
| Subjects: | |
| Tags: |
Add Tag
No Tags, Be the first to tag this record!
|
| LEADER | 01020nam a2200277 a 4500 | ||
|---|---|---|---|
| 001 | 009964159-3 | ||
| 005 | 20070628112249.0 | ||
| 008 | 050321m20069999mr h b 001|0 arard | ||
| 020 | |a 9954050515 | ||
| 035 | 0 | |a ocn173847373 | |
| 050 | 0 | 0 | |a PN6519.A7 |b B495 2006 |
| 100 | 1 | |a Bin Sharīfah, Muḥammad. | |
| 245 | 1 | 0 | |a Tārīkh al-amthāl wa-al-azjāl fī al-Andalus wa-al-Maghrib : |b buḥūth wa-nuṣūṣ / |c Muḥammad Bin Sharīfah. |
| 260 | |a [Rabat] : |b Manshūrāt Wizārat al-Thaqāfah, |c 2006- |e ([Rabat] : |f Maṭbaʻat Dār al-Manāhil) | ||
| 300 | |a v. : |b facsims. ; |c 24 cm. | ||
| 490 | 1 | |a Silsilat Mʻālim | |
| 504 | |a Includes bibliographical references and indexes. | ||
| 546 | |a In Arabic with some Spanish. | ||
| 650 | 0 | |a Proverbs, Arabic |z Spain |z Andalusia |x History. | |
| 650 | 0 | |a Proverbs, Arabic Zajal |z Morocco |x History. | |
| 650 | 0 | |a Zajal |z Spain |z Andalusia |x History. | |
| 650 | 0 | |a Zajal |z Morocco |x History. | |
| 752 | |a Morocco |d Rabat. | ||
| 830 | 0 | |a Silsilat Mʻālim. | |
| 988 | |a 20060516 | ||
| 906 | |0 MH | ||


